The struggle for basic needs in Nepal /

Bibliographic Details
Main Author: Blaikie, Piers M., 1942-
Other Authors: Cameron, John, 1947-, Seddon, David
Format: Book
Language:English
Published: Paris, France : [Washington, D.C.] : Development Centre of the Organization for Economic Co-operation and Development ; [sold by OECD Publications and Information Center], 1979
Series:Development Centre studies.
Subjects:

MARC

Tag First Indicator Second Indicator Subfields
LEADER 00000cam a2200000 a 4500
001 in00000069562
005 20160108111428.0
008 810814c19791980fr b b i00010 engm
010 |a  81459610  
015 |a F*** 
020 |a 9264121013 (pbk.) 
035 |a (OCoLC)06879976 
035 |9 AAJ0827AM 
040 |a DLC  |c DLC  |d m.c.  |d TXA  |d UtOrBLW 
043 |a a-np--- 
049 |a TXAM  |c [1672279] 
050 0 0 |a HC425  |b .B58 
082 0 |a 330.9549/6  |2 19 
100 1 |a Blaikie, Piers M.,  |d 1942- 
245 1 4 |a The struggle for basic needs in Nepal /  |c by M.P. [as printed] Blaikie, J. Cameron, J.D. Seddon. 
264 1 |a Paris, France :  |b Development Centre of the Organization for Economic Co-operation and Development ;  |a [Washington, D.C.] :  |b [sold by OECD Publications and Information Center],  |c 1979 
264 4 |c ©1980 
300 |a 100 pages :  |b map ;  |c 24 cm. 
336 |a text  |b txt  |2 rdacontent 
337 |a unmediated  |b n  |2 rdamedia 
338 |a volume  |b nc  |2 rdacarrier 
490 1 |a Development Centre studies 
504 |a Bibliography: pages 98-100. 
650 0 |a Poor  |z Nepal. 
651 0 |a Nepal  |x Economic conditions. 
651 0 |a Nepal  |x Social conditions. 
700 1 |a Cameron, John,  |d 1947- 
700 1 |a Seddon, David. 
830 0 |a Development Centre studies. 
999 |a MARS 
999 f f |s afd094cd-8a3c-3cbd-bea7-421432e820a9  |i 74b6b630-9c33-3ae8-98de-56a86a8e9967  |t 0 
952 f f |p ric  |a Texas A&M University  |b Rellis Campus  |c Joint Library Facility  |d Remote Storage  |t 0  |e HC425 .B58  |h Library of Congress classification  |i unmediated -- volume  |m A14806122831 
998 f f |a HC425 .B58  |t 0  |l Remote Storage